History Quiz

Random History or World Quiz
Score 0/16 Timer 07:00
0 Plays Today
World Leader Pair Did they Overlap? % Correct
Winston Churchill (UK) and Dwight Eisenhower (USA)???
74.6%
Hosni Mubarak (Egypt) and Ronald Reagan (USA)???
72.4%
Angela Merkel (Germany) and John Howard (Australia)???
71.4%
Saddam Hussein (Iraq) and Jimmy Carter (USA)???
67.9%
Adolf Hitler (Germany) and Harry S. Truman (USA)???
66.3%
Vladimir Lenin (USSR) and Teddy Roosevelt (USA)???
65.5%
Bill Clinton (USA) and Vladimir Putin (Russia)???
62.2%
Stephen Harper (Canada) and Jacques Chirac (France)???
60.3%
World Leader Pair Did they Overlap? % Correct
Muammar Gaddafi (Libya) and Mao Zedong (China)???
58.5%
Charles de Gaulle (France) and Richard Nixon (USA)???
57.9%
George W. Bush (USA) and Nelson Mandela (South Africa)???
45.4%
Kevin Rudd (Australia) and Tony Blair (UK)???
38.9%
Julia Gillard (Australia) and Gordon Brown (UK)???
38.7%
Fidel Castro (Cuba) and Barack Obama (USA)???
37.4%
Francois Hollande (France) and Kim Jong-il (North Korea)???
35.9%
Margaret Thatcher (UK) and Idi Amin (Uganda)???
26.8%

You're not logged in!

Compare scores with friends on all Sporcle quizzes.
OR
Log In

Sporcle TV

Today on Sporcle TV


Watch our educational content, quiz creation guides, and fun videos on Sporcle TV.

Show Comments

Extras

Top Quizzes Today


Score Distribution

Paid Content

Your Account Isn't Verified!

In order to create a playlist on Sporcle, you need to verify the email address you used during registration. Go to your Sporcle Settings to finish the process.

Report this User

Report this user for behavior that violates our Community Guidelines.

Details: